[Event "SLO-chT"]
[Site "Slovenia"]
[Date "2013.11.24"]
[Round "3"]
[White "Stajner, Samo"]
[Black "Grosar, Aljosa"]
[Result "1-0"]
[WhiteElo "2330"]
[BlackElo "2408"]
[PlyCount "133"]
[EventDate "2013.11.22"]
[EventType "team-tourn"]
[EventRounds "9"]
[EventCountry "SLO"]
[SourceTitle "EXT 2015"]
[Source "ChessBase"]
[SourceDate "2014.11.20"]
[SourceVersion "1"]
[SourceVersionDate "2014.11.20"]
[SourceQuality "1"]
[WhiteTeam "Triglav Krsko"]
[BlackTeam "Nova Gorica"]
[WhiteTeamCountry "SLO"]
[BlackTeamCountry "SLO"]

1. d4 Nf6 2. c4 e6 3. g3 c5 4. d5 exd5 5. cxd5 d6 6. Nf3 g6 7. Nc3 Bg7 8. Bg2 0-0 9. 0-0 Re8 10. Nd2 Nbd7 11. Nc4 Nb6 12. Ne3 Nbd7 13. Nc4 Nb6 14. Ne3 Nbd7 15. h3 a6 16. a4 Rb8 17. Nc4 Ne5 18. Na3 Ned7 19. Bf4 Ne5 20. Bd2 Ned7 21. Qc2 Qc7 22. b3 b6 23. Rae1 Nf8 24. Qd3 Qd7 25. Nc2 Qc7 26. e4 N6d7 27. Ne3 b5 28. axb5 axb5 29. f4 Ba6 30. e5 dxe5 31. d6 Qb6 32. Ned5 Qxd6 33. Ne4 b4 34. Ndf6+ Nxf6 35. Qxd6 Nxe4 36. Bxe4 Bxf1 37. Kxf1 Rbd8 38. Qc6 Re6 39. Qxc5 Rxd2 40. Bd5 Re8 41. fxe5 Rxe5 42. Rxe5 Bxe5 43. Bxf7+ Kxf7 44. Qxe5 Ne6 45. Qe4 Rd4 46. Qb7+ Kf6 47. Qxh7 Rd3 48. Qh4+ Kf7 49. Qxb4 Rxg3 50. h4 Rf3+ 51. Kg2 Rf4 52. Qb7+ Kf6 53. Kg3 Rd4 54. b4 Rd3+ 55. Kf2 Rd4 56. b5 Rxh4 57. b6 Rf4+ 58. Kg3 Rf5 59. Qc6 Rg5+ 60. Kf2 Rf5+ 61. Ke3 Re5+ 62. Kd2 Rc5 63. Qf3+ Ke7 64. b7 Rb5 65. Qc6 Rb2+ 66. Kc1 Rb4 67. Qc8 1-0

[Event "SLO-chT"]
[Site "Slovenia"]
[Date "2013.11.23"]
[Round "2"]
[White "Grosar, Aljosa"]
[Black "Horvath, Adam"]
[Result "0-1"]
[WhiteElo "2408"]
[BlackElo "2493"]
[PlyCount "122"]
[EventDate "2013.11.22"]
[EventType "team-tourn"]
[EventRounds "9"]
[EventCountry "SLO"]
[SourceTitle "EXT 2015"]
[Source "ChessBase"]
[SourceDate "2014.11.20"]
[SourceVersion "1"]
[SourceVersionDate "2014.11.20"]
[SourceQuality "1"]
[WhiteTeam "Nova Gorica"]
[BlackTeam "Rokada Lendava"]
[WhiteTeamCountry "SLO"]
[BlackTeamCountry "SLO"]

1. e4 c5 2. c3 Nf6 3. e5 Nd5 4. d4 cxd4 5. Nf3 e6 6. cxd4 d6 7. Bc4 Nb6 8. Bd3 dxe5 9. dxe5 Na6 10. Bg5 Be7 11. Bxe7 Qxe7 12. Nc3 Bd7 13. 0-0 0-0 14. Qe2 Nc5 15. Bc2 Bc6 16. Nd4 Nd5 17. Nxc6 bxc6 18. Ne4 Rab8 19. Rac1 Nd7 20. Nd6 Qg5 21. Nc4 Nf4 22. Qf3 Nxe5 23. Nxe5 Qxe5 24. Rfe1 Qd6 25. b3 Nd5 26. Be4 Rb6 27. Rc4 g6 28. Rec1 Rd8 29. g3 Kg7 30. Qe2 Qe5 31. Qf3 Rd6 32. Kg2 Ra6 33. Bb1 Qb2 34. R4c2 Qf6 35. Qe2 Rb6 36. Rc4 e5 37. Re1 Re6 38. Be4 Qe7 39. Rd1 Nf6 40. Rdc1 Qd7 41. Rc5 Nxe4 42. Qxe4 f6 43. Qa4 h5 44. Rd1 Qxd1 45. Qxa7+ Kh6 46. Qxb6 Qd4 47. Qa5 Qe4+ 48. Kg1 Qb1+ 49. Kg2 Rd6 50. Qa8 Qe4+ 51. Kh3 Qf5+ 52. Kg2 Qe4+ 53. Kh3 Qf5+ 54. Kg2 Rd2 55. Qf8+ Kg5 56. Rxe5 Rxf2+ 57. Kg1 Rf1+ 58. Kg2 Rf2+ 59. Kg1 fxe5 60. Qd8+ Kg4 61. Qd1+ Kh3 0-1

[Event "SLO-chT"]
[Site "Slovenia"]
[Date "2011.06.05"]
[Round "6"]
[White "Grosar, Aljosa"]
[Black "Soln, Primoz"]
[Result "1/2-1/2"]
[WhiteElo "2408"]
[BlackElo "2395"]
[PlyCount "61"]
[EventDate "2011.05.27"]
[EventType "team-tourn"]
[EventRounds "9"]
[EventCountry "SLO"]
[SourceTitle "CBM 142 Extra"]
[Source "ChessBase"]
[SourceDate "2011.06.27"]
[SourceVersion "1"]
[SourceVersionDate "2011.06.27"]
[SourceQuality "1"]
[WhiteTeam "Nova Gorica"]
[BlackTeam "Milan Vidmar"]
[WhiteTeamCountry "SLO"]
[BlackTeamCountry "SLO"]

1. e4 c6 2. d4 d5 3. exd5 cxd5 4. c4 Nf6 5. Nc3 Nc6 6. Nf3 Bg4 7. cxd5 Nxd5 8. Qb3 Bxf3 9. gxf3 e6 10. Qxb7 Nxd4 11. Bb5+ Nxb5 12. Qc6+ Ke7 13. Qxb5 Qd7 14. Nxd5+ Qxd5 15. Qxd5 exd5 16. Be3 Ke6 17. 0-0 Bb4 18. Rac1 Rhc8 19. Rxc8 Rxc8 20. Bxa7 Ra8 21. Bd4 Rxa2 22. Rc1 Kd7 23. Bxg7 Ra8 24. Kf1 Ra6 25. Ke2 Ke6 26. Bd4 Bd6 27. Kd3 Bxh2 28. Rh1 Bf4 29. Rxh7 Ra4 30. Bc3 Ra1 31. Rh4 1/2-1/2

[Event "SLO-chT"]
[Site "Slovenia"]
[Date "2011.05.27"]
[Round "1"]
[White "Grosar, Aljosa"]
[Black "Vombek, Danijel"]
[Result "1-0"]
[WhiteElo "2408"]
[BlackElo "2327"]
[PlyCount "55"]
[EventDate "2011.05.27"]
[EventType "team-tourn"]
[EventRounds "9"]
[EventCountry "SLO"]
[SourceTitle "CBM 142 Extra"]
[Source "ChessBase"]
[SourceDate "2011.06.27"]
[SourceVersion "1"]
[SourceVersionDate "2011.06.27"]
[SourceQuality "1"]
[WhiteTeam "Nova Gorica"]
[BlackTeam "Velenje Veplas"]
[WhiteTeamCountry "SLO"]
[BlackTeamCountry "SLO"]

1. e4 c5 2. Nf3 d6 3. d4 cxd4 4. Nxd4 Nf6 5. Nc3 a6 6. Be3 e5 7. Nb3 Be7 8. f3 Be6 9. Qd2 0-0 10. 0-0-0 Qc7 11. g4 Rc8 12. g5 Nh5 13. Kb1 Nd7 14. Rg1 b5 15. Nd5 Bxd5 16. exd5 b4 17. Rg4 a5 18. Bb5 f5 19. Rc4 Qd8 20. Rxc8 Qxc8 21. Qd3 Nb8 22. h4 g6 23. c3 a4 24. Nd2 bxc3 25. Rc1 Qb7 26. Rxc3 Ra5 27. Bc6 Qb4 28. Rc4 1-0

[Event "SLO-chT 19th"]
[Site "Rogaska Slatina"]
[Date "2009.??.??"]
[Round "3"]
[White "Zorko, Jure"]
[Black "Grosar, Aljosa"]
[Result "1-0"]
[WhiteElo "2396"]
[BlackElo "2416"]
[PlyCount "75"]
[EventDate "2009.12.11"]
[EventType "team-tourn"]
[EventRounds "9"]
[EventCountry "SLO"]
[SourceTitle "CBM 133 Extra"]
[Source "ChessBase"]
[SourceDate "2010.01.05"]
[SourceVersion "1"]
[SourceVersionDate "2010.01.05"]
[SourceQuality "1"]
[WhiteTeam "Ljubljana Metalka Trgovina"]
[BlackTeam "Nova Gorica"]
[WhiteTeamCountry "SLO"]
[BlackTeamCountry "SLO"]

1. d4 Nf6 2. c4 e6 3. Nc3 Bb4 4. f3 d5 5. a3 Bxc3+ 6. bxc3 c5 7. cxd5 Nxd5 8. dxc5 Qa5 9. e4 Ne7 10. Be3 0-0 11. Qb3 Nec6 12. Bb5 Qc7 13. Ne2 Nd7 14. 0-0 Na5 15. Qb4 Nc6 16. Bxc6 bxc6 17. Rfd1 e5 18. Qa4 Rb8 19. c4 Rb2 20. Ng3 Nb8 21. Rd6 Be6 22. Bd2 Qb7 23. Bc3 Qb3 24. Qxb3 Rxb3 25. Bxe5 Bxc4 26. Nf5 f6 27. Rd4 Rc3 28. Bd6 Re8 29. Rb1 Nd7 30. Ne7+ Kf7 31. Nxc6 Ne5 32. Rb7+ Kg6 33. Bxe5 fxe5 34. Rd6+ Kg5 35. Kf2 Rc2+ 36. Kg3 Bf1 37. Rxg7+ Kh5 38. Rxh7+ 1-0

[Event "SLO-chT 18th"]
[Site "Murska Sobota"]
[Date "2008.12.12"]
[Round "7"]
[White "Tratar, Marko"]
[Black "Grosar, Aljosa"]
[Result "1/2-1/2"]
[WhiteElo "2507"]
[BlackElo "2417"]
[PlyCount "31"]
[EventDate "2008.12.06"]
[EventType "team-tourn"]
[EventRounds "9"]
[EventCountry "SLO"]
[SourceTitle "CBM 127 Extra"]
[Source "ChessBase"]
[SourceDate "2009.01.08"]
[SourceVersion "2"]
[SourceVersionDate "2009.01.28"]
[SourceQuality "1"]
[WhiteTeam "Maribor Branik"]
[BlackTeam "Nova Gorica"]
[WhiteTeamCountry "SLO"]
[BlackTeamCountry "SLO"]

1. Nf3 Nf6 2. d4 e6 3. c4 d5 4. g3 dxc4 5. Bg2 c5 6. 0-0 Nc6 7. Ne5 Bd7 8. Na3 cxd4 9. Naxc4 Rc8 10. Qb3 Nxe5 11. Nxe5 Bc6 12. Nxc6 bxc6 13. Rd1 c5 14. e3 Bd6 15. exd4 c4 16. Qb5+ 1/2-1/2

[Event "SLO-chT 18th"]
[Site "Murska Sobota"]
[Date "2008.12.07"]
[Round "2"]
[White "Skoberne, Jure"]
[Black "Grosar, Aljosa"]
[Result "1-0"]
[WhiteElo "2501"]
[BlackElo "2417"]
[PlyCount "153"]
[EventDate "2008.12.06"]
[EventType "team-tourn"]
[EventRounds "9"]
[EventCountry "SLO"]
[SourceTitle "CBM 127 Extra"]
[Source "ChessBase"]
[SourceDate "2009.01.08"]
[SourceVersion "2"]
[SourceVersionDate "2009.01.28"]
[SourceQuality "1"]
[WhiteTeam "Maribor LANCom"]
[BlackTeam "Nova Gorica"]
[WhiteTeamCountry "SLO"]
[BlackTeamCountry "SLO"]

1. c4 Nf6 2. g3 e6 3. Nf3 d5 4. d4 Be7 5. Bg2 0-0 6. Qc2 dxc4 7. Nbd2 c5 8. dxc5 Bxc5 9. Nxc4 Nc6 10. 0-0 Qe7 11. a3 e5 12. b4 Nd4 13. Nxd4 Bxd4 14. Bb2 Bg4 15. e3 Bxb2 16. Qxb2 e4 17. h3 Bd7 18. Rfd1 Rfd8 19. Rd4 Ba4 20. Rb1 Rac8 21. b5 Qc5 22. Rxd8+ Rxd8 23. Qb4 Qxb4 24. Rxb4 Bc2 25. b6 axb6 26. Rxb6 Rd1+ 27. Kh2 h5 28. Rxb7 Bd3 29. Ne5 Ra1 30. Nxf7 Kh7 31. Rb4 Ra2 32. Ng5+ Kh6 33. Bxe4 Bxe4 34. Nxe4 Nxe4 35. Rxe4 Rxf2+ 36. Kg1 Ra2 37. a4 g5 38. Kf1 Kg6 39. g4 h4 40. Re6+ Kf7 41. Re5 Rxa4 42. Rxg5 Ra1+ 43. Ke2 Rh1 44. Rf5+ Ke6 45. Rf3 Rh2+ 46. Kd3 Ke5 47. g5 Rg2 48. Rf4 Rxg5 49. Rxh4 Rf5 50. Rf4 Kd5 51. Rg4 Rh5 52. h4 Ke6 53. Ke4 Ra5 54. Kf4 Rf5+ 55. Kg3 Rf1 56. Rg5 Kf6 57. Ra5 Rg1+ 58. Kf4 Rf1+ 59. Ke4 Rh1 60. Rf5+ Ke6 61. Rf4 Rh3 62. Kd4 Rh1 63. e4 Re1 64. Rf5 Rh1 65. h5 Rd1+ 66. Ke3 Rh1 67. Ra5 Kf6 68. Rf5+ Ke6 69. Kf4 Rf1+ 70. Kg5 Rg1+ 71. Kh6 Rg4 72. Rg5 Rxe4 73. Kg7 Rf4 74. h6 Ke7 75. h7 Rf7+ 76. Kh6 Rf6+ 77. Rg6 1-0

[Event "SLO-chT 17th"]
[Site "Murska Sobota"]
[Date "2007.12.13"]
[Round "6"]
[White "Grosar, Aljosa"]
[Black "Jelen, Igor"]
[Result "1/2-1/2"]
[WhiteElo "2420"]
[BlackElo "2387"]
[PlyCount "95"]
[EventDate "2007.12.09"]
[EventType "team-tourn"]
[EventRounds "9"]
[EventCountry "SLO"]
[SourceTitle "CBM 121 Extra"]
[Source "ChessBase"]
[SourceDate "2008.01.10"]
[SourceVersion "1"]
[SourceVersionDate "2008.01.10"]
[SourceQuality "1"]
[WhiteTeam "Nova Gorica"]
[BlackTeam "Ljubljana Vidmar"]
[WhiteTeamCountry "SLO"]
[BlackTeamCountry "SLO"]

1. e4 c5 2. Nf3 Nc6 3. d4 cxd4 4. Nxd4 Nf6 5. Nc3 e5 6. Ndb5 d6 7. Bg5 a6 8. Na3 b5 9. Nd5 Be7 10. Nxe7 Nxe7 11. Bd3 Ng6 12. c4 h6 13. Bd2 0-0 14. 0-0 Bb7 15. Re1 bxc4 16. Nxc4 d5 17. exd5 Qxd5 18. Bf1 Qe6 19. Ba5 Nd5 20. Qb3 Rab8 21. Rad1 Ba8 22. Qg3 Rfe8 23. b3 f5 24. f4 Ngxf4 25. Nxe5 Qe7 26. Kh1 Kh7 27. Bd2 Qg5 28. Bxf4 Nxf4 29. Qxg5 hxg5 30. Nf7 Kg6 31. Ne5+ Kh7 32. Kg1 a5 33. g3 Nd5 34. Bd3 g6 35. Bc4 Rbd8 36. Nf7 Rxe1+ 37. Rxe1 Rd7 38. Nxg5+ Kh6 39. h4 Nc3 40. Nf7+ Kg7 41. Ng5 Nxa2 42. Re5 Ra7 43. Re8 Bc6 44. Re6 Nb4 45. h5 gxh5 46. Nh3 Bd5 47. Bxd5 Nxd5 48. Re5 1/2-1/2

[Event "SLO-chT 17th"]
[Site "Murska Sobota"]
[Date "2007.12.10"]
[Round "2"]
[White "Grosar, Aljosa"]
[Black "Tratar, Marko"]
[Result "1-0"]
[WhiteElo "2420"]
[BlackElo "2502"]
[PlyCount "81"]
[EventDate "2007.12.09"]
[EventType "team-tourn"]
[EventRounds "9"]
[EventCountry "SLO"]
[SourceTitle "CBM 121 Extra"]
[Source "ChessBase"]
[SourceDate "2008.01.10"]
[SourceVersion "1"]
[SourceVersionDate "2008.01.10"]
[SourceQuality "1"]
[WhiteTeam "Nova Gorica"]
[BlackTeam "Maribor Branik"]
[WhiteTeamCountry "SLO"]
[BlackTeamCountry "SVK"]

1. e4 c5 2. c3 Nf6 3. e5 Nd5 4. Nf3 Nc6 5. Bc4 Nb6 6. Bb3 c4 7. Bc2 Qc7 8. Qe2 g5 9. h3 Bg7 10. 0-0 Nxe5 11. Nxg5 Nd5 12. d4 cxd3 13. Bxd3 h6 14. Nf3 a6 15. Be4 Nxf3+ 16. Bxf3 Nf6 17. Nd2 d6 18. Re1 Bf5 19. Nc4 Be6 20. Ne3 0-0 21. Ng4 Bxg4 22. hxg4 Rfe8 23. g3 e5 24. g5 hxg5 25. Bxg5 Nh7 26. Qd2 Nxg5 27. Qxg5 Re6 28. Be4 Kf8 29. Rad1 Rb8 30. Rd3 Qe7 31. Qg4 Rh6 32. Red1 b6 33. c4 Rd8 34. b4 Qc7 35. Bd5 Rg6 36. Qe4 Qd7 37. c5 f5 38. Rf3 Rf6 39. Qh4 Rh6 40. Rxf5+ Ke8 41. Bf7+ 1-0

[Event "SLO-chT 17th"]
[Site "Murska Sobota"]
[Date "2007.12.09"]
[Round "1"]
[White "Skoberne, Jure"]
[Black "Grosar, Aljosa"]
[Result "1-0"]
[WhiteElo "2484"]
[BlackElo "2420"]
[PlyCount "107"]
[EventDate "2007.12.09"]
[EventType "team-tourn"]
[EventRounds "9"]
[EventCountry "SLO"]
[SourceTitle "CBM 121 Extra"]
[Source "ChessBase"]
[SourceDate "2008.01.10"]
[SourceVersion "1"]
[SourceVersionDate "2008.01.10"]
[SourceQuality "1"]
[WhiteTeam "Ljubljana Metalka Trgovina"]
[BlackTeam "Nova Gorica"]
[WhiteTeamCountry "SLO"]
[BlackTeamCountry "SLO"]

1. e4 c5 2. c3 d5 3. exd5 Qxd5 4. d4 Nf6 5. Nf3 e6 6. Be2 Nc6 7. 0-0 cxd4 8. cxd4 Be7 9. Nc3 Qd6 10. Nb5 Qd8 11. Bf4 Nd5 12. Bg3 a6 13. Nc3 0-0 14. Rc1 Nf6 15. a3 b6 16. Bc4 Bb7 17. Ba2 Rc8 18. Qd3 Nh5 19. d5 exd5 20. Nxd5 Nxg3 21. hxg3 Bf6 22. Qe3 Na7 23. Nxf6+ Qxf6 24. Ne5 Rce8 25. Nd7 Qxb2 26. Qb3 Qxb3 27. Bxb3 Nb5 28. Rfd1 Rc8 29. Nxf8 Rxc1 30. Rxc1 Kxf8 31. a4 Nd6 32. f3 Ke7 33. Kf2 Kd7 34. g4 h6 35. Ke3 Bc6 36. Kd4 a5 37. Ra1 Nb7 38. Bxf7 Nc5 39. Re1 Bxa4 40. Be8+ Kd6 41. Bxa4 Nxa4 42. Kc4 Nc5 43. Kb5 a4 44. Kxb6 Nb3 45. Re4 a3 46. Ra4 Ke5 47. Rxa3 Nd2 48. Ra4 g6 49. Kc6 h5 50. gxh5 gxh5 51. Rh4 Nf1 52. Rxh5+ Kf4 53. Rh4+ Kg3 54. Rg4+ 1-0

[Event "SLO-chT"]
[Site "Murska Sobota"]
[Date "2006.11.25"]
[Round "1"]
[White "Grosar, Aljosa"]
[Black "Mencinger, Vojko"]
[Result "1/2-1/2"]
[WhiteElo "2427"]
[BlackElo "2377"]
[PlyCount "43"]
[EventDate "2006.11.25"]
[EventType "team"]
[EventRounds "9"]
[EventCountry "SLO"]
[SourceTitle "EXT 2008"]
[Source "ChessBase"]
[SourceDate "2007.11.25"]
[SourceVersion "1"]
[SourceVersionDate "2007.11.25"]
[SourceQuality "1"]

1. e4 e6 2. Nf3 d5 3. Nc3 dxe4 4. Nxe4 Nd7 5. g3 Ngf6 6. Nxf6+ Nxf6 7. Bg2 c5 8. 0-0 Be7 9. d4 0-0 10. c4 Qb6 11. b3 Rd8 12. Bb2 Bd7 13. Ne5 Be8 14. dxc5 Bxc5 15. Qe2 a5 16. Rab1 Rab8 17. Rfd1 a4 18. Ng4 Nxg4 19. Qxg4 Bf8 20. Bd4 Qb4 21. Be5 Rbc8 22. Qe2 1/2-1/2

[Event "SLO-chT 15th"]
[Site "Bled"]
[Date "2005.12.02"]
[Round "9"]
[White "Grosar, Aljosa"]
[Black "Brumen, Dinko"]
[Result "1/2-1/2"]
[WhiteElo "2430"]
[BlackElo "2362"]
[PlyCount "25"]
[EventDate "2005.11.26"]
[EventType "team-tourn"]
[EventRounds "9"]
[EventCountry "SLO"]
[SourceTitle "CBM 109 Extra"]
[Source "ChessBase"]
[SourceDate "2006.01.03"]
[SourceVersion "2"]
[SourceVersionDate "2006.01.03"]
[SourceQuality "1"]
[WhiteTeam "Nova Gorica"]
[BlackTeam "Krsko Triglav"]
[WhiteTeamCountry "SLO"]
[BlackTeamCountry "SLO"]

1. e4 c5 2. Nf3 Nc6 3. d4 cxd4 4. Nxd4 e5 5. Nb5 d6 6. N1c3 a6 7. Na3 b5 8. Nd5 Nce7 9. c4 Nxd5 10. exd5 bxc4 11. Nxc4 f5 12. Be2 Nf6 13. 0-0 1/2-1/2

[Event "SLO-chT 15th"]
[Site "Bled"]
[Date "2005.11.26"]
[Round "1"]
[White "Sax, Gyula"]
[Black "Grosar, Aljosa"]
[Result "1/2-1/2"]
[WhiteElo "2520"]
[BlackElo "2430"]
[PlyCount "52"]
[EventDate "2005.11.26"]
[EventType "team-tourn"]
[EventRounds "9"]
[EventCountry "SLO"]
[SourceTitle "CBM 109 Extra"]
[Source "ChessBase"]
[SourceDate "2006.01.03"]
[SourceVersion "2"]
[SourceVersionDate "2006.01.03"]
[SourceQuality "1"]
[WhiteTeam "Maribor LANCom"]
[BlackTeam "Nova Gorica"]
[WhiteTeamCountry "SVK"]
[BlackTeamCountry "SLO"]

1. e4 d6 2. d4 Nf6 3. Nc3 e5 4. Nge2 Be7 5. g3 0-0 6. Bg2 c6 7. 0-0 b5 8. a3 Nbd7 9. h3 a5 10. g4 Ba6 11. Ng3 b4 12. Nce2 d5 13. exd5 Nxd5 14. Re1 Bxe2 15. Qxe2 Bf6 16. Bxd5 cxd5 17. axb4 exd4 18. Rxa5 Rxa5 19. bxa5 Qxa5 20. g5 Be5 21. f4 d3 22. cxd3 Bd4+ 23. Kg2 Nc5 24. Bd2 Qb5 25. b4 Nxd3 26. Rc1 Re8 1/2-1/2

[Event "CRO-chT2 West"]
[Site "Rijeka"]
[Date "2005.04.09"]
[Round "4"]
[White "Grosar, Aljosa"]
[Black "Zufic, Miroslav"]
[Result "1-0"]
[WhiteElo "2430"]
[BlackElo "2418"]
[PlyCount "95"]
[EventDate "2005.03.19"]
[EventType "team"]
[EventRounds "11"]
[EventCountry "CRO"]
[SourceTitle "EXT 2007"]
[Source "ChessBase"]
[SourceDate "2006.11.23"]
[SourceVersion "1"]
[SourceVersionDate "2006.11.23"]
[SourceQuality "1"]

1. e4 c5 2. Nf3 d6 3. c3 Nf6 4. Be2 Nbd7 5. d3 b6 6. Nbd2 Bb7 7. 0-0 e6 8. Re1 Be7 9. Bf1 0-0 10. d4 d5 11. e5 Ne4 12. Bd3 f5 13. exf6 Ndxf6 14. Ne5 cxd4 15. cxd4 Rc8 16. Ndf3 Bd6 17. Be3 Qe8 18. h3 Nh5 19. Qe2 Nf4 20. Bxf4 Rxf4 21. Rac1 Rxc1 22. Rxc1 Bxe5 23. dxe5 Nc5 24. Qe3 Qf8 25. Ng5 h6 26. Rxc5 hxg5 27. Rc7 d4 28. Qg3 Bd5 29. Rxa7 Qc8 30. a3 Rf8 31. h4 Rf7 32. Rxf7 Kxf7 33. hxg5 Qc7 34. Qf4+ Kg8 35. g6 Qe7 36. Kh2 Bc6 37. Kg3 Qd8 38. Qf7+ Kh8 39. Qxe6 Qg5+ 40. Qg4 Qxe5+ 41. Qf4 Qe7 42. Qxd4 Qg5+ 43. Qg4 Qe5+ 44. Qf4 Qe7 45. Qh4+ Qxh4+ 46. Kxh4 Bxg2 47. Kg3 Bd5 48. Kf4 1-0

[Event "SLO-chT 14th"]
[Site "Celje"]
[Date "2004.12.02"]
[Round "5"]
[White "Polajzer, Danilo"]
[Black "Grosar, Aljosa"]
[Result "1/2-1/2"]
[WhiteElo "2382"]
[BlackElo "2429"]
[PlyCount "51"]
[EventDate "2004.11.29"]
[EventType "team-tourn"]
[EventRounds "9"]
[EventCountry "SLO"]
[SourceTitle "CBM 103 Extra"]
[Source "ChessBase"]
[SourceDate "2005.01.01"]
[SourceVersion "1"]
[SourceVersionDate "2005.01.01"]
[SourceQuality "1"]
[WhiteTeam "Ptuj Veplas Velenje"]
[BlackTeam "Nova Gorica"]
[WhiteTeamCountry "SLO"]
[BlackTeamCountry "SLO"]

1. Nf3 Nf6 2. c4 c5 3. Nc3 Nc6 4. d4 cxd4 5. Nxd4 g6 6. g3 d6 7. Bg2 Bd7 8. 0-0 Bg7 9. b3 0-0 10. Bb2 Qa5 11. Nd5 Nxd5 12. cxd5 Nxd4 13. Bxd4 Rac8 14. Bxg7 Kxg7 15. Qd4+ Kg8 16. Qe3 Rfe8 17. Rfc1 Rxc1+ 18. Qxc1 Rc8 19. Qe3 Qc3 20. Qxc3 Rxc3 21. Kf1 Bb5 22. Ke1 Rc2 23. Bf3 Kg7 24. Kd1 Rc7 25. Kd2 Kf6 26. Bg2 1/2-1/2

[Event "AUT-chT2M 0304"]
[Site "Austria"]
[Date "2003.12.06"]
[Round "3.1"]
[White "Tompa, Janos"]
[Black "Grosar, Aljosa"]
[Result "1/2-1/2"]
[WhiteElo "2397"]
[BlackElo "2459"]
[PlyCount "107"]
[EventDate "2003.11.08"]
[EventType "team-tourn"]
[EventRounds "11"]
[EventCountry "AUT"]
[SourceTitle "CBM 097 Extra"]
[Source "ChessBase"]
[SourceDate "2004.01.13"]
[SourceVersion "1"]
[SourceVersionDate "2004.01.13"]
[SourceQuality "1"]
[WhiteTeam "St Valentin"]
[BlackTeam "Graz Austria II"]
[WhiteTeamCountry "AUT"]
[BlackTeamCountry "AUT"]

1. Nf3 Nf6 2. g3 c5 3. Bg2 Nc6 4. c4 d5 5. cxd5 Nxd5 6. Nc3 Nc7 7. 0-0 e5 8. d3 Be7 9. Nd2 Bd7 10. Nc4 f6 11. Nd5 Nxd5 12. Bxd5 Bh3 13. Bxc6+ bxc6 14. Re1 h5 15. e4 Qd7 16. f3 Rd8 17. Be3 Qxd3 18. Qxd3 Rxd3 19. Red1 Rxd1+ 20. Rxd1 Kf7 21. b3 Rb8 22. Kf2 Be6 23. Rc1 Rb5 24. Bd2 Ke8 25. Rc2 Kd7 26. Ke2 g5 27. Rc1 Rb8 28. Be3 g4 29. f4 exf4 30. Bxf4 Re8 31. Rd1+ Kc8 32. Kf2 Rd8 33. Nd6+ Bxd6 34. Rxd6 Rxd6 35. Bxd6 c4 36. bxc4 Bxc4 37. a3 Kd7 38. Bc5 a5 39. Ke3 a4 40. Kd4 Bb3 41. Bf8 Bc2 42. Bc5 Ke6 43. Bb4 Kf7 44. Bd2 Kg6 45. Bb4 Kf7 46. Bc5 Ke6 47. Bb4 Bd1 48. Bf8 Bf3 49. Bb4 Kd7 50. Bc5 Ke6 51. Bb4 f5 52. exf5+ Kxf5 53. Bf8 Bd5 54. Be7 1/2-1/2

[Event "SLO-chT"]
[Site "Celje"]
[Date "2003.11.23"]
[Round "9"]
[White "Krumpacnik, Domen"]
[Black "Grosar, Aljosa"]
[Result "1/2-1/2"]
[WhiteElo "2364"]
[BlackElo "2451"]
[PlyCount "24"]
[EventDate "2003.11.17"]
[EventType "team-swiss"]
[EventRounds "9"]
[EventCountry "SLO"]
[SourceTitle "CBM 097 Extra"]
[Source "ChessBase"]
[SourceDate "2004.01.13"]
[SourceVersion "1"]
[SourceVersionDate "2004.01.13"]
[SourceQuality "1"]

1. d4 Nf6 2. c4 e6 3. Nc3 Bb4 4. Qc2 c5 5. dxc5 Na6 6. a3 Qa5 7. Bd2 Nxc5 8. 0-0-0 Bxc3 9. Bxc3 Qa4 10. Qxa4 Nxa4 11. Bxf6 gxf6 12. g3 b6 1/2-1/2

[Event "SLO-chT"]
[Site "Celje"]
[Date "2003.11.22"]
[Round "8"]
[White "Grosar, Aljosa"]
[Black "Sax, Gyula"]
[Result "0-1"]
[WhiteElo "2451"]
[BlackElo "2520"]
[PlyCount "114"]
[EventDate "2003.11.17"]
[EventType "team-swiss"]
[EventRounds "9"]
[EventCountry "SLO"]
[SourceTitle "CBM 097 Extra"]
[Source "ChessBase"]
[SourceDate "2004.01.13"]
[SourceVersion "1"]
[SourceVersionDate "2004.01.13"]
[SourceQuality "1"]

1. e4 c5 2. Nf3 d6 3. c3 Nf6 4. Bd3 Nc6 5. 0-0 Bg4 6. h3 Bh5 7. Re1 e6 8. Bf1 Be7 9. d3 d5 10. Nbd2 Qc7 11. Qe2 0-0-0 12. a3 g5 13. e5 g4 14. exf6 gxf3 15. Nxf3 Bxf6 16. g4 Bg6 17. Bh6 Rhg8 18. Bg2 e5 19. Nd2 Bg7 20. Bxg7 Rxg7 21. b4 f5 22. b5 Na5 23. Qxe5 fxg4 24. Bxd5 Bxd3 25. c4 gxh3+ 26. Kh1 Qxe5 27. Rxe5 Rf8 28. Re3 Bc2 29. Rf1 Rf4 30. Kh2 Bf5 31. Re8+ Kc7 32. Rf8 Kd6 33. Rd8+ Ke7 34. Ra8 Bd3 35. Re1+ Kd6 36. Ne4+ Bxe4 37. Rxe4 Rxf2+ 38. Kxh3 Rf3+ 39. Kh2 Rf2+ 40. Kh3 Rf3+ 41. Kh2 Rf6 42. Kh3 Rh6+ 43. Rh4 Rxh4+ 44. Kxh4 b6 45. Kh5 Ke5 46. Re8+ Kd4 47. Kh6 Rg4 48. Kh5 Rg3 49. Re4+ Kc3 50. Re7 Nxc4 51. Bc6 Nxa3 52. Rxa7 Kb4 53. Rb7 Nc4 54. Kh4 Rg1 55. Kh5 Rg3 56. Kh4 Rg1 57. Rxh7 Nd6 0-1

[Event "SLO-chT"]
[Site "Celje"]
[Date "2003.11.17"]
[Round "1"]
[White "Grosar, Aljosa"]
[Black "Gostisa, Leon F"]
[Result "1/2-1/2"]
[WhiteElo "2451"]
[BlackElo "2420"]
[PlyCount "62"]
[EventDate "2003.11.17"]
[EventType "team-swiss"]
[EventRounds "9"]
[EventCountry "SLO"]
[SourceTitle "CBM 097 Extra"]
[Source "ChessBase"]
[SourceDate "2004.01.13"]
[SourceVersion "1"]
[SourceVersionDate "2004.01.13"]
[SourceQuality "1"]

1. e4 c5 2. Nf3 e6 3. d4 cxd4 4. Nxd4 Nc6 5. Nb5 d6 6. Bf4 e5 7. Be3 Be6 8. N1c3 a6 9. Na3 Nf6 10. Nc4 Be7 11. Nb6 Rb8 12. Be2 0-0 13. Qd2 Nxe4 14. Nxe4 d5 15. Nxd5 Qxd5 16. Qxd5 Bxd5 17. Bf3 Nb4 18. 0-0-0 Bc6 19. a3 Nd5 20. Bc5 f5 21. Bxe7 Nxe7 22. Nc5 e4 23. Be2 Ng6 24. Bc4+ Kh8 25. Ne6 Rf6 26. Rd2 Re8 27. Ng5 h6 28. h4 f4 29. Nf7+ Kh7 30. Ng5+ Kh8 31. Nf7+ Kh7 1/2-1/2

[Event "SLO-ch"]
[Site "Bled"]
[Date "2003.08.07"]
[Round "6"]
[White "Grosar, Aljosa"]
[Black "Pavasovic, Dusko"]
[Result "1/2-1/2"]
[WhiteElo "2459"]
[BlackElo "2596"]
[PlyCount "97"]
[EventDate "2003.08.03"]
[EventType "swiss"]
[EventRounds "9"]
[EventCountry "SLO"]
[SourceTitle "CBM 095 Extra"]
[Source "ChessBase"]
[SourceDate "2003.09.04"]
[SourceVersion "1"]
[SourceVersionDate "2003.09.04"]
[SourceQuality "1"]

1. e4 e5 2. Nf3 Nc6 3. Bb5 a6 4. Ba4 Nf6 5. 0-0 Be7 6. Qe2 b5 7. Bb3 0-0 8. a4 b4 9. d3 d6 10. Nbd2 Be6 11. Nc4 Nd7 12. Be3 Re8 13. Rfe1 Bf6 14. Rad1 Nd4 15. Bxd4 exd4 16. Ncd2 Nc5 17. Bxe6 Rxe6 18. b3 Qd7 19. Qf1 Rae8 20. g3 c6 21. h3 Qc7 22. Nh2 d5 23. Ng4 Bd8 24. exd5 cxd5 25. Nf3 h5 26. Ngh2 Bf6 27. Kg2 Rxe1 28. Rxe1 Ne6 29. Re2 Rc8 30. Qd1 Qd6 31. Nf1 g6 32. h4 Rc6 33. N1h2 Qc7 34. Nf1 Kg7 35. N1h2 Qc8 36. Qd2 a5 37. Qd1 Qb8 38. Qd2 Qc7 39. Qd1 Qd6 40. Qd2 Rc7 41. Qd1 Qc5 42. Qd2 Qc3 43. Qd1 Rc8 44. Nf1 Qc7 45. N1h2 Qd6 46. Qd2 Rc6 47. Qd1 Qc7 48. Qd2 Kg8 49. Qd1 1/2-1/2